| 000 | 00684nam a22000977a 4500 | ||
|---|---|---|---|
| 008 | 160217b xxu||||| |||| 00| 0 eng d | ||
| 100 | _aAhman, Sven | ||
| 245 | _aDen gula treskillingen | ||
| 260 |
_aMalmo, [Sweden] _bR.M. Skogs Forlag AB _c1975 |
||
| 650 | _aSweden | 1855 | 19th Century | Production | Errors and Varieties | Color | Printing | Yellow Three Skilling Banco Issue | 3 Skilling Banco Issue | First Issues | Classic Issues | Definitive Issues | Rare Issues and Covers | Famous Stamps and Collections | Collections | Stamps -- Histories | Philately -- History | Collectors | Collecting -- Identification | Expertizing | Experts | 8 Skilling Banco Issue | Eight Skilling Banco Issue | ||
| 999 |
_c1784 _d1784 |
||